[Event "Michigan Amateur"]
[Site "Flint, MI"]
[Date "1999.07.17"]
[Round "1"]
[White "Steen, Harold"]
[Black "Councell, Keith"]
[Result "1-0"]
[WhiteElo "1710"]
[BlackElo "1256"]
[PlyCount "101"]
[EventDate "1999.07.17"]

1. Nf3 c6 2. g3 d5 3. d3 Nf6 4. Nbd2 Qb6 5. Bg2 Bg4 6. O-O e6 7. h3 Bh5 8. e4
dxe4 9. dxe4 Nbd7 10. g4 Bg6 11. Nh4 Ne5 12. Qe2 Be7 13. Nb3 Ned7 14. Be3 Qc7
15. Bd4 Bxe4 16. Bxe4 Nxe4 17. Qxe4 e5 18. Nf5 Nf6 19. Qxe5 Qxe5 20. Bxe5 g6
21. Nxe7 Kxe7 22. Rfe1 Rhe8 23. Rad1 Nd5 24. Nc5 f6 25. Bc3+ Kf7 26. Nxb7 Nf4
27. Nd6+ Kf8 28. Rxe8+ Rxe8 29. Nxe8 Nxh3+ 30. Kg2 Nf4+ 31. Kf3 Nh3 32. Nxf6
Ng5+ 33. Kg2 Ne6 34. Nxh7+ Kf7 35. Rd7+ Ke8 36. Rxa7 Nf4+ 37. Kf3 Ne6 38. Bf6
Nc5 39. Re7+ Kd8 40. Re5+ Kd7 41. Rxc5 g5 42. Bxg5 Ke6 43. Rxc6+ Kd5 44. Rc3
Kd4 45. a4 Kd5 46. a5 Kd4 47. a6 Kd5 48. a7 Kd4 49. Nf8 Kd5 50. a8=Q+ Kd4 51.
Qe4# 1-0

[Event "Michigan Amateur"]
[Site "Flint, MI"]
[Date "1999.07.17"]
[Round "1"]
[White "Skidmore, Mike"]
[Black "Saylor, Oliver"]
[Result "1-0"]
[WhiteElo "1839"]
[BlackElo "1341"]
[PlyCount "71"]
[EventDate "1999.07.17"]

1. e4 e5 2. Nf3 Nc6 3. Bb5 a6 4. Ba4 d6 5. O-O Nf6 6. d3 b5 7. Bb3 Na5 8. h3
Be7 9. Nh2 O-O 10. f4 Nxb3 11. axb3 Nd7 12. f5 Bg5 13. Nd2 Bb7 14. Ndf3 Bxc1
15. Qxc1 Nf6 16. Qg5 h6 17. Qc1 Nh5 18. Ng4 Nf4 19. Kh2 d5 20. Nfxe5 Nh5 21. f6
Nxf6 22. Rxf6 gxf6 23. Qxh6 fxe5 24. Nf6+ Qxf6 25. Qxf6 dxe4 26. Rf1 exd3 27.
Rf5 Be4 28. Qg5+ Kh8 29. Qh4+ Kg7 30. Qxe4 f6 31. cxd3 Ra7 32. Qc6 Kg6 33. Rxe5
Rf7 34. Qe4+ Kg7 35. Re8 f5 36. Qd4+ 1-0

[Event "Michigan Amateur"]
[Site "Flint, MI"]
[Date "1999.07.17"]
[Round "3"]
[White "Skidmore, Mike"]
[Black "Carl, Kevin"]
[Result "1-0"]
[WhiteElo "1839"]
[BlackElo "1936"]
[PlyCount "69"]
[EventDate "1999.07.17"]

1. e4 c5 2. Nf3 d6 3. Bb5+ Bd7 4. Bxd7+ Nxd7 5. O-O Ngf6 6. Re1 e6 7. d3 Be7 8.
Nc3 O-O 9. h3 a6 10. b3 b5 11. Bb2 Qb8 12. Ne2 d5 13. e5 Ne8 14. d4 c4 15. c3
cxb3 16. axb3 Nb6 17. Qd3 Nc7 18. Bc1 a5 19. Ng5 g6 20. Qg3 h6 21. Nf3 Kg7 22.
Nf4 Kh7 23. Nh2 Qd8 24. Ng4 Bg5 25. Qd3 Kg7 26. h4 Bxh4 27. Nxh6 Rh8 28. Nxf7
Bxf2+ 29. Kxf2 Qh4+ 30. g3 Qg4 31. Nxh8 Rxh8 32. Kg2 g5 33. Qg6+ Kf8 34. Qf6+
Kg8 35. Qd8+ 1-0

[Event "Michigan Amateur"]
[Site "Flint, MI"]
[Date "1999.07.17"]
[Round "1"]
[White "Scioly, Tony"]
[Black "Young, Cordell"]
[Result "0-1"]
[WhiteElo "1527"]
[BlackElo "868"]
[PlyCount "110"]
[EventDate "1999.07.17"]

1. e4 e5 2. Nf3 d6 3. d4 exd4 4. Nxd4 Nf6 5. Nc3 Be6 6. Be2 Be7 7. O-O O-O 8.
f4 Bd7 9. Be3 c5 10. Ndb5 Bxb5 11. Bxb5 a6 12. Be2 Nc6 13. Bf3 Qc7 14. g4 Rad8
15. g5 Nd7 16. Nd5 Qc8 17. Bg4 Rfe8 18. Nb6 Qc7 19. Nxd7 b5 20. Rf3 Rxd7 21.
Bxd7 Qxd7 22. Bxc5 Qg4+ 23. Rg3 Qxf4 24. Rg4 Qe5 25. Be3 Qxb2 26. Rg2 Qe5 27.
Rb1 Qxe4 28. Qd3 Qe6 29. a3 d5 30. Rf1 Bd6 31. Bc1 Be5 32. c3 Bd6 33. Kh1 Ne5
34. Qf5 Qxf5 35. Rxf5 g6 36. Rf1 Nd3 37. Bd2 Bxa3 38. Rf3 Ne5 39. Re3 Bc5 40.
Re1 a5 41. Bf4 Bd6 42. Rf2 Re6 43. Rd2 Nc4 44. Rxe6 fxe6 45. Rf2 e5 46. Bc1 a4
47. Kg2 a3 48. Kf1 Bc5 49. Ra2 Kf7 50. Ke2 Ke6 51. Kd1 e4 52. h3 Ke5 53. Ke1 d4
54. cxd4+ Kxd4 55. Ke2 b4 0-1

[Event "Michigan Amateur"]
[Site "Flint, MI"]
[Date "1999.07.17"]
[Round "3"]
[White "Scioly, Tony"]
[Black "Pascoe, Bramwell"]
[Result "1-0"]
[WhiteElo "1527"]
[BlackElo "1244"]
[PlyCount "53"]
[EventDate "1999.07.17"]

1. e4 e5 2. Nf3 Nc6 3. Bb5 a6 4. Bxc6 dxc6 5. O-O Bg4 6. Nc3 Nf6 7. d3 Be7 8.
Be3 O-O 9. Kh1 c5 10. Qd2 Bxf3 11. gxf3 Re8 12. Rg1 Bf8 13. Bg5 Qd6 14. Rg2 c6
15. Rag1 b5 16. Ne2 g6 17. Ng3 Bg7 18. Nf5 gxf5 19. Bh6 Ng4 20. Bxg7 Kxg7 21.
exf5 Qf6 22. fxg4 Kh8 23. Qe3 Qd6 24. g5 Rg8 25. g6 fxg6 26. fxg6 hxg6 27. Qh6#
1-0

[Event "Michigan Amateur"]
[Site "Flint, MI"]
[Date "1999.07.17"]
[Round "3"]
[White "Saylor, Oliver"]
[Black "Griffin, John"]
[Result "1/2-1/2"]
[WhiteElo "1341"]
[BlackElo "1500"]
[PlyCount "98"]
[EventDate "1999.07.17"]

1. e4 c5 2. Nf3 Nc6 3. d4 cxd4 4. Nxd4 Nf6 5. Nc3 e5 6. Nf3 Bb4 7. a3 Bxc3+ 8.
bxc3 O-O 9. Bg5 Qa5 10. Bxf6 Qxc3+ 11. Nd2 gxf6 12. Bd3 Ne7 13. O-O d5 14. Re1
Qc7 15. Re3 Kh8 16. exd5 Nxd5 17. Qh5 f5 18. Rh3 f6 19. Qh4 Nf4 20. Rg3 Nxd3
21. cxd3 f4 22. Rf3 Qg7 23. d4 b6 24. g3 Bb7 25. Rd3 Rac8 26. dxe5 fxe5 27. Qh3
e4 28. Rd7 Qxa1+ 29. Nf1 Qg7 30. Rxg7 Kxg7 31. Qg4+ Kh8 32. Qd7 Ba6 33. Qd4+
Kg8 34. gxf4 Rxf4 35. Qd5+ Rf7 36. Ng3 Bb7 37. Qd2 Re8 38. h3 Bc8 39. Kh2 Bb7
40. Qa2 Ree7 41. Nf5 Kf8 42. Nxe7 Rxe7 43. Qe2 Rg7 44. Qe3 Rf7 45. Qh6+ Kg8 46.
Qe6 Kf8 47. Qd6+ Kg7 48. Kg3 Rf3+ 49. Kh4 Rf7 1/2-1/2

[Event "Michigan Amateur"]
[Site "Flint, MI"]
[Date "1999.07.17"]
[Round "2"]
[White "Saylor, Oliver"]
[Black "Feller, Brad"]
[Result "1/2-1/2"]
[WhiteElo "1341"]
[BlackElo "815"]
[PlyCount "85"]
[EventDate "1999.07.17"]

1. e4 e5 2. Nf3 Nc6 3. Bc4 Nf6 4. Nc3 d6 5. d3 Bg4 6. h3 Bxf3 7. Qxf3 Nd4 8.
Qd1 c6 9. a3 d5 10. Ba2 Bc5 11. b4 Bb6 12. O-O Ne6 13. Bb2 Bd4 14. Rb1 O-O 15.
Qe1 Qd6 16. exd5 Nxd5 17. Bxd5 cxd5 18. Nb5 Qb6 19. Nxd4 exd4 20. Qe5 Rad8 21.
Kh1 f6 22. Qg3 Qc6 23. Qg4 Qb6 24. a4 f5 25. Qe2 Rfe8 26. Qd2 Qc6 27. b5 Qc5
28. Ra1 Rc8 29. Rfc1 a6 30. Ba3 Qc3 31. Qd1 Ra8 32. Rcb1 a5 33. Bb2 Qc5 34. Rc1
Qb6 35. Qf3 Rad8 36. Qxf5 Rf8 37. Qg4 Rxf2 38. Re1 Rf6 39. Ba3 Re8 40. Rf1
Rxf1+ 41. Rxf1 Qc7 42. Qf5 Qd7 43. Bb2 1/2-1/2

[Event "Michigan Amateur"]
[Site "Flint, MI"]
[Date "1999.07.17"]
[Round "3"]
[White "Saulmon, Scott"]
[Black "Choate, Eric"]
[Result "1-0"]
[WhiteElo "1526"]
[BlackElo "1168"]
[PlyCount "45"]
[EventDate "1999.07.17"]

1. e4 e5 2. Nf3 d6 3. d4 exd4 4. Bc4 Be7 5. Nxd4 Nf6 6. Nc3 Bd7 7. O-O Nc6 8.
f4 O-O 9. Nf3 Bg4 10. h3 Bxf3 11. Rxf3 Re8 12. Be3 Bf8 13. Rg3 Nxe4 14. Nxe4
Rxe4 15. Bd5 Re7 16. c3 Qd7 17. Qd2 g6 18. Rf1 Rb8 19. f5 Re5 20. fxg6 Bg7 21.
Rxf7 Qe8 22. Re7+ Rxd5 23. Rxe8+ 1-0

[Event "Michigan Amateur"]
[Site "Flint, MI"]
[Date "1999.07.17"]
[Round "3"]
[White "Saenz, Scott"]
[Black "Halstead, Kevin"]
[Result "0-1"]
[WhiteElo "1472"]
[BlackElo "1704"]
[PlyCount "38"]
[EventDate "1999.07.17"]

1. d4 d5 2. c4 c6 3. Nc3 Nf6 4. Bg5 Bf5 5. Nf3 e6 6. cxd5 cxd5 7. e3 h6 8. Bxf6
Qxf6 9. Qa4+ Nc6 10. Bb5 Rc8 11. Bxc6+ bxc6 12. Ne5 Bd6 13. Nxc6 O-O 14. Nxa7
Ra8 15. Ncb5 Bb8 16. Qa6 Qd8 17. Qb7 Qa5+ 18. Ke2 Bxa7 19. Nc7 Rab8 0-1

[Event "Michigan Amateur"]
[Site "Flint, MI"]
[Date "1999.07.17"]
[Round "1"]
[White "Saenz, Scott"]
[Black "Carl, Kevin"]
[Result "0-1"]
[WhiteElo "1472"]
[BlackElo "1936"]
[PlyCount "34"]
[EventDate "1999.07.17"]

1. d4 Nf6 2. c4 g6 3. Nc3 Bg7 4. Bf4 d6 5. Nf3 O-O 6. e3 Nbd7 7. Bd3 c6 8. b4
Qe8 9. Qc2 e5 10. dxe5 dxe5 11. Bg3 Nh5 12. Ne4 c5 13. Nd6 Qe7 14. Nxc8 Raxc8
15. Bh4 Qe6 16. Be4 cxb4 17. Bd5 Qxd5 0-1

[Event "Michigan Amateur"]
[Site "Flint, MI"]
[Date "1999.07.17"]
[Round "1"]
[White "Rotberg, Victor"]
[Black "Henry, Robynne"]
[Result "1/2-1/2"]
[WhiteElo "1750"]
[BlackElo "1308"]
[PlyCount "116"]
[EventDate "1999.07.17"]

1. e4 e5 2. Nf3 Nc6 3. Bb5 Bc5 4. O-O Nd4 5. Bc4 d6 6. Nxd4 Bxd4 7. Qf3 Qf6 8.
Qb3 Ne7 9. c3 Bb6 10. d3 O-O 11. Be3 Nc6 12. Nd2 Qg6 13. Kh1 Be6 14. Bxe6 fxe6
15. Bxb6 axb6 16. Nf3 Kh8 17. Rae1 Rf4 18. a3 Raf8 19. Re3 Qf6 20. Qd1 g5 21.
h3 Qh6 22. Kg1 Qh5 23. Qe2 Qg6 24. Nh2 Re8 25. Rg3 Rg8 26. Nf3 Qf6 27. Qe3 g4
28. hxg4 Rfxg4 29. Rxg4 Rxg4 30. Nh2 Rg6 31. f4 Qg7 32. Qh3 exf4 33. Rxf4 Ne7
34. Qf3 Rg3 35. Qf1 Kg8 36. Qe2 Ng6 37. Rg4 Rxg4 38. Qxg4 Nf8 39. d4 Qg6 40.
Qh4 Qe8 41. Ng4 Qg6 42. Kf2 Kg7 43. Kg1 h6 44. Qe7+ Qf7 45. Qxf7+ Kxf7 46.
Nxh6+ Kg6 47. Ng4 Kg5 48. Nf2 Kf4 49. g4 Ng6 50. Kg2 Nh4+ 51. Kh3 Nf3 52. Kg2
Nh4+ 53. Kf1 Nf3 54. b4 Nh2+ 55. Ke2 Nxg4 56. Nxg4 Kxg4 57. Ke3 Kg5 58. c4 Kf6
1/2-1/2

[Event "Michigan Amateur"]
[Site "Flint, MI"]
[Date "1999.07.17"]
[Round "4"]
[White "Rotberg, Victor"]
[Black "Evans Sr., Thomas"]
[Result "1-0"]
[WhiteElo "1750"]
[BlackElo "1895"]
[PlyCount "158"]
[EventDate "1999.07.17"]

1. d4 Nf6 2. c4 e6 3. Nf3 d5 4. e3 Ne4 5. a3 c6 6. Bd3 Qa5+ 7. Nbd2 Nxd2 8.
Bxd2 Qc7 9. O-O Be7 10. cxd5 exd5 11. Qc2 Be6 12. b4 Nd7 13. h3 h6 14. Rfc1 a6
15. a4 O-O 16. b5 axb5 17. axb5 Rxa1 18. Rxa1 c5 19. dxc5 Qxc5 20. Qa4 Nb6 21.
Qc2 Nc4 22. Rb1 Nxd2 23. Qxd2 Rc8 24. Nd4 Bg5 25. Qd1 Bf6 26. Nxe6 fxe6 27. Qg4
Kf7 28. Qf3 Qc3 29. e4 Qe5 30. exd5 exd5 31. Kf1 Ra8 32. Bc4 Ke6 33. Re1 Ra1
34. Qxd5+ Ke7 35. Qxb7+ Kd8 36. Qb6+ Kd7 37. Qc6+ Kd8 38. Qd5+ Qxd5 39. Bxd5
Ra5 40. Rd1 Kc7 41. Bc6 Ra2 42. f4 Kb6 43. g3 Kc5 44. Rb1 Bd4 45. b6 Kxc6 46.
b7 Ba7 47. b8=Q Bxb8 48. Rxb8 Ra7 49. Re8 Kd6 50. Kf2 Kd7 51. Re3 Ra1 52. Kf3
g6 53. Kg4 Kd6 54. Re8 Ra6 55. Re5 Ra7 56. h4 Ra3 57. Re8 h5+ 58. Kh3 Ra6 59.
Kg2 Kd7 60. Re5 Kd6 61. Rg5 Ke7 62. f5 gxf5 63. Rxf5 Rh6 64. Kf3 Rf6 65. Rxf6
Kxf6 66. Kf4 Kg6 67. Ke5 Kg7 68. Kf5 Kh6 69. Kf6 Kh7 70. Kg5 Kg7 71. Kxh5 Kf6
72. g4 Kg7 73. Kg5 Kh7 74. Kf6 Kh6 75. g5+ Kh7 76. Kf7 Kh8 77. h5 Kh7 78. g6+
Kh6 79. g7 Kxh5 1-0

[Event "Michigan Amateur"]
[Site "Flint, MI"]
[Date "1999.07.17"]
[Round "2"]
[White "Robertson, John"]
[Black "Cameron, Jay"]
[Result "1-0"]
[WhiteElo "1393"]
[BlackElo "1076"]
[PlyCount "43"]
[EventDate "1999.07.17"]

1. e4 c5 2. Nf3 Nc6 3. d4 cxd4 4. Nxd4 d6 5. Nc3 Nf6 6. Bg5 g6 7. Bxf6 exf6 8.
Bc4 Bg7 9. Ndb5 O-O 10. Nxd6 Qd7 11. O-O Ne5 12. Nxc8 Raxc8 13. Nd5 Qe6 14. Bb3
Rfd8 15. Qe2 Rd7 16. f4 Nc6 17. Nb6 Nd4 18. Bxe6 Nxe2+ 19. Kh1 fxe6 20. Nxc8 b6
21. Rad1 Rxd1 22. Rxd1 1-0

[Event "Michigan Amateur"]
[Site "Flint, MI"]
[Date "1999.07.17"]
[Round "1"]
[White "Reist, Douglas"]
[Black "Jendras, Gerard"]
[Result "0-1"]
[WhiteElo "1382"]
[BlackElo "1847"]
[PlyCount "100"]
[EventDate "1999.07.17"]

1. e4 d5 2. exd5 Qxd5 3. Nc3 Qd6 4. Nf3 Nf6 5. Bc4 Bf5 6. O-O e6 7. Re1 Be7 8.
d3 a6 9. a3 Nbd7 10. h3 h6 11. Qe2 O-O 12. Be3 c5 13. Rad1 Rac8 14. d4 Qc7 15.
Bd3 Bxd3 16. Qxd3 Rfd8 17. Qe2 b5 18. dxc5 Bxc5 19. Bxc5 Nxc5 20. Rxd8+ Rxd8
21. Qe5 Qxe5 22. Nxe5 Rd2 23. Re2 Nfe4 24. Rxd2 Nxd2 25. f3 f6 26. Nd3 Nxd3 27.
cxd3 Kf7 28. Kf2 Ke7 29. Ke2 Nb3 30. Ke3 Kd6 31. g4 Nc5 32. Ne4+ Kd5 33. Nxc5
Kxc5 34. b4+ Kd5 35. f4 g5 36. fxg5 hxg5 37. d4 f5 38. gxf5 exf5 39. Kd3 g4 40.
hxg4 fxg4 41. Ke3 g3 42. Kf3 Kxd4 43. Kxg3 Kc3 44. Kf3 Kb3 45. Ke3 Kxa3 46. Kd2
Kxb4 47. Kc2 Ka3 48. Kb1 b4 49. Ka1 b3 50. Kb1 b2 0-1

[Event "Michigan Amateur"]
[Site "Flint, MI"]
[Date "1999.07.17"]
[Round "3"]
[White "Reist, Douglas"]
[Black "Hazzard, Bill"]
[Result "0-1"]
[WhiteElo "1382"]
[BlackElo "1697"]
[PlyCount "60"]
[EventDate "1999.07.17"]

1. e4 d6 2. d4 Nf6 3. Bd3 Nbd7 4. Nf3 e5 5. c3 h6 6. O-O Be7 7. h3 c6 8. Re1
Qc7 9. Be3 Nf8 10. Nbd2 Ng6 11. dxe5 dxe5 12. a3 Be6 13. Qe2 O-O 14. Nf1 Rad8
15. Rad1 Rd7 16. N3h2 Rfd8 17. Bc2 b5 18. g4 Nh7 19. f3 Bc4 20. Rxd7 Rxd7 21.
Qf2 Bh4 22. Ng3 Ng5 23. Bxg5 Bxg5 24. b3 Rd2 25. Qc5 Rxc2 26. bxc4 bxc4 27.
Qxc4 Qb6+ 28. Kh1 Qf2 29. Re2 Rxe2 30. Nxe2 Nh4 0-1

[Event "Michigan Amateur"]
[Site "Flint, MI"]
[Date "1999.07.17"]
[Round "2"]
[White "Poniatowski, Don"]
[Black "Saenz, Scott"]
[Result "0-1"]
[WhiteElo "1235"]
[BlackElo "1472"]
[PlyCount "64"]
[EventDate "1999.07.17"]

1. e4 c5 2. c3 Nc6 3. d4 cxd4 4. cxd4 e5 5. Nf3 Nf6 6. Nc3 Bb4 7. Bd3 exd4 8.
Nxd4 Nxd4 9. O-O d6 10. Qa4+ Nc6 11. Nd5 Bc5 12. Bg5 O-O 13. Nxf6+ gxf6 14. Bh6
Re8 15. b4 Nxb4 16. Qd1 Nxd3 17. Qxd3 Kh8 18. Qd5 Be6 19. Qxb7 Qb6 20. Qxb6
axb6 21. a4 Bc4 22. Rfe1 Bb3 23. Rac1 Rxa4 24. Kh1 Bxf2 25. Rf1 Bc5 26. Rxf6
Raxe4 27. h3 Re2 28. Rf5 Rg8 29. Rg5 Rxg5 30. Bxg5 Bd5 31. Bf6+ Kg8 32. Rc3
Rxg2 0-1

[Event "Michigan Amateur"]
[Site "Flint, MI"]
[Date "1999.07.17"]
[Round "2"]
[White "Pascoe, Bramwell"]
[Black "Steen, Harold"]
[Result "0-1"]
[WhiteElo "1244"]
[BlackElo "1710"]
[PlyCount "98"]
[EventDate "1999.07.17"]

1. e4 c5 2. Nc3 e6 3. f4 a6 4. Nf3 d6 5. d3 Nc6 6. Be3 Be7 7. Be2 Qc7 8. O-O
Nf6 9. b3 b5 10. a4 b4 11. Nb1 a5 12. Nbd2 Ng4 13. Bf2 Bf6 14. Rb1 Nxf2 15.
Rxf2 Nd4 16. Kh1 O-O 17. Nxd4 Bxd4 18. Rf1 f5 19. Nf3 Bc3 20. Nd2 Bb7 21. Bf3
Rad8 22. Qe2 Bxd2 23. Qxd2 fxe4 24. Bxe4 d5 25. Bf3 Rxf4 26. Rbe1 Rh4 27. h3
Rh6 28. Bg4 e5 29. Rf5 Bc8 30. Rg5 e4 31. Bxc8 Qxc8 32. d4 c4 33. Rf1 c3 34.
Qf4 Qd7 35. Rf5 Qe7 36. Rf7 Qe8 37. Qc7 Rg6 38. Re7 e3 39. Rff7 e2 40. Rxg7+
Rxg7 41. Rxg7+ Kf8 42. Rxh7 e1=Q+ 43. Kh2 Rd7 44. Qf4+ Kg8 45. Rh5 Qxh5 46.
Qb8+ Qhe8 47. Qf4 Rg7 48. g4 Qd2+ 49. Qxd2 cxd2 0-1

[Event "Michigan Amateur"]
[Site "Flint, MI"]
[Date "1999.07.17"]
[Round "1"]
[White "Pascoe, Bramwell"]
[Black "Halstead, Kevin"]
[Result "1-0"]
[WhiteElo "1244"]
[BlackElo "1704"]
[PlyCount "95"]
[EventDate "1999.07.17"]

1. e4 c5 2. Nc3 d6 3. f4 e6 4. Nf3 Nf6 5. d4 cxd4 6. Nxd4 a6 7. Be3 Be7 8. Qd2
Bd7 9. O-O-O Nc6 10. Be2 b5 11. Bf3 Rc8 12. Qf2 O-O 13. Nxc6 Bxc6 14. h3 b4 15.
Nb1 Bxe4 16. Bxe4 Nxe4 17. Qe2 Ng3 18. Qxa6 Nxh1 19. Rxh1 Ra8 20. Qc4 d5 21.
Qb3 Qa5 22. a3 bxa3 23. Nxa3 Bxa3 24. bxa3 Rfb8 25. Qa2 Qxa3+ 26. Qxa3 Rxa3 27.
Kd2 Ra2 28. Bd4 f6 29. Rf1 Kf7 30. Kd3 Ke7 31. g4 Ra3+ 32. c3 Kd6 33. Re1 Re8
34. Rb1 Rc8 35. Re1 Rb8 36. g5 Rf8 37. gxf6 gxf6 38. Rb1 Rf7 39. Rb6+ Kd7 40.
Rb7+ Ke8 41. Rb8+ Ke7 42. Bc5+ Kd7 43. Bxa3 Kc7 44. Rf8 Rxf8 45. Bxf8 Kd7 46.
Kd4 Ke8 47. Bc5 Kf7 48. f5 1-0

[Event "Michigan Amateur"]
[Site "Flint, MI"]
[Date "1999.07.17"]
[Round "2"]
[White "Moore, Robert"]
[Black "Evans Sr., Thomas"]
[Result "0-1"]
[WhiteElo "1600"]
[BlackElo "1895"]
[PlyCount "114"]
[EventDate "1999.07.17"]

1. e4 c5 2. Nf3 g6 3. d4 e6 4. Be3 b6 5. c3 Bb7 6. Qc2 Nf6 7. Nbd2 Be7 8. Bh6
Qc7 9. h3 Nc6 10. Bb5 a6 11. Bxc6 Bxc6 12. dxc5 bxc5 13. O-O Bf8 14. Bg5 Bg7
15. Rad1 O-O 16. Rfe1 h6 17. Bh4 Rfe8 18. Bg3 Qa5 19. b3 Nh5 20. Nc4 Qxc3 21.
Qxc3 Bxc3 22. Re3 Nxg3 23. fxg3 Bg7 24. Nd6 Rf8 25. Rc1 f5 26. exf5 gxf5 27.
Ne5 f4 28. gxf4 Rxf4 29. Rxc5 Raf8 30. Re1 Bxe5 31. Rcxe5 Rd4 32. Nc4 Bd5 33.
Ne3 Bb7 34. Ng4 Kg7 35. R5e2 Rff4 36. Rf1 Bc6 37. Rxf4 Rxf4 38. Ne5 Bb5 39. Re1
d6 40. a4 Be8 41. Nd3 Rf6 42. Re3 Kf7 43. Rf3 e5 44. Nb4 a5 45. Nd5 Rxf3 46.
gxf3 Bc6 47. Ne3 d5 48. Kf2 Ke6 49. Ke2 Bd7 50. h4 h5 51. Kd3 Be8 52. Kd2 Bg6
53. Ke2 Kd6 54. Kd2 Kc5 55. Ke2 Bf7 56. Kd3 Kb4 57. Kc2 d4 0-1

[Event "Michigan Amateur"]
[Site "Flint, MI"]
[Date "1999.07.17"]
[Round "3"]
[White "Lynem, Charles"]
[Black "Moore, Robert"]
[Result "0-1"]
[WhiteElo "1312"]
[BlackElo "1600"]
[PlyCount "116"]
[EventDate "1999.07.17"]

1. d4 d6 2. c4 Nf6 3. Nc3 g6 4. g3 Bg7 5. Bg2 O-O 6. e4 e5 7. d5 a5 8. Be3 c6
9. Qd2 Ng4 10. Nge2 Nxe3 11. Qxe3 c5 12. O-O Na6 13. a3 Bd7 14. Rfd1 Nc7 15.
Bf1 f5 16. f3 f4 17. gxf4 exf4 18. Qd2 b5 19. cxb5 Nxb5 20. Kh1 Nxc3 21. Nxc3
Rb8 22. Rab1 Re8 23. Bc4 Re5 24. Qc2 Rg5 25. b3 Bh3 26. Rd2 Bd4 27. Nb5 Be5 28.
Na7 Qf6 29. Nc6 Ra8 30. Nxe5 Qxe5 31. Bb5 Rb8 32. a4 Qg7 33. Qb2 Qxb2 34. Rdxb2
Re5 35. Rg1 g5 36. Re2 h5 37. Rb1 Rb7 38. Bc6 Rg7 39. Bb5 g4 40. fxg4 Bxg4 41.
Rf2 Rxe4 42. Rbf1 f3 43. Rg1 Re3 44. Bc4 Bh3 45. Rxg7+ Kxg7 46. Kg1 Kf6 47. Be2
Bg4 48. Bc4 Re1+ 49. Rf1 Rxf1+ 50. Kxf1 Ke5 51. Kf2 Kf4 52. Bd3 Bf5 53. Ba6 Be4
54. Bc4 Ke5 55. Ke3 Bxd5 56. Bxd5 Kxd5 57. Kxf3 Ke5 58. Kg3 d5 0-1

[Event "Michigan Amateur"]
[Site "Flint, MI"]
[Date "1999.07.17"]
[Round "1"]
[White "Lynem, Charles"]
[Black "Emke, Robert"]
[Result "0-1"]
[WhiteElo "1312"]
[BlackElo "1816"]
[PlyCount "86"]
[EventDate "1999.07.17"]

1. d4 e6 2. Nf3 f5 3. c4 Nf6 4. Nc3 Be7 5. Bg5 O-O 6. Qc2 b6 7. O-O-O Bb7 8. d5
Nxd5 9. cxd5 Bxg5+ 10. Nxg5 Qxg5+ 11. e3 f4 12. Bd3 fxe3 13. Bxh7+ Kh8 14. h4
Qh6 15. fxe3 Qxh7 16. Qe2 Na6 17. h5 Nc5 18. h6 gxh6 19. b4 Ba6 20. b5 Bb7 21.
Rh4 Rf6 22. e4 Raf8 23. Rdh1 exd5 24. e5 Rg6 25. g4 d4 26. R1h2 Bf3 27. Qc4
dxc3 28. Qxc3 Ne6 29. g5 h5 30. Rf2 Rxg5 31. Rxf3 Rg1+ 32. Kb2 Rxf3 33. Qxf3
Qb1+ 34. Ka3 Qc1+ 35. Kb4 Qe1+ 36. Kc4 Qxh4+ 37. Kb3 Rg3 38. Qxg3 Qxg3+ 39. Kb2
h4 40. Kc2 h3 41. Kc1 Qg2 42. Kd1 h2 43. Ke1 h1=Q# 0-1

[Event "Michigan Amateur"]
[Site "Flint, MI"]
[Date "1999.07.17"]
[Round "3"]
[White "LaFerriere, Adam"]
[Black "Poniatowski, Don"]
[Result "0-1"]
[WhiteElo "784"]
[BlackElo "1235"]
[PlyCount "126"]
[EventDate "1999.07.17"]

1. e4 Nf6 2. e5 Nd5 3. c4 Nb6 4. b3 d6 5. exd6 Qxd6 6. Bb2 Nc6 7. Nf3 Bg4 8.
Be2 e5 9. Qc2 Be7 10. O-O Nd7 11. Na3 a6 12. Nb1 h6 13. d3 Nf6 14. Nbd2 O-O 15.
Ne4 Nxe4 16. dxe4 Qe6 17. Rad1 Rad8 18. Rxd8 Rxd8 19. Rd1 Rxd1+ 20. Qxd1 f6 21.
Nh4 Bxe2 22. Qxe2 Nd4 23. Bxd4 exd4 24. Nf5 Kh7 25. Nxd4 Qe5 26. Nc2 Bc5 27. a4
a5 28. Qf3 Qb2 29. Ne1 Qe5 30. g3 g6 31. Nd3 Qc3 32. Qd1 Bd6 33. Nf4 Qe5 34.
Qd5 Qxd5 35. Nxd5 Kg7 36. f4 c6 37. Nb6 Bc5+ 38. Kg2 Bxb6 39. Kf3 Kf7 40. h4 h5
41. g4 hxg4+ 42. Kxg4 Bf2 43. h5 gxh5+ 44. Kxh5 Ke6 45. Kg6 Be3 46. f5+ Ke5 47.
Kf7 Bg5 48. Ke7 Kxe4 49. Kd7 Kxf5 50. Kc7 Ke5 51. Kxb7 f5 52. Kxc6 f4 53. Kb6
f3 54. c5 Kd4 55. c6 Bf4 56. Kxa5 f2 57. b4 f1=Q 58. b5 Qe1+ 59. Ka6 Qe8 60.
Kb6 Qd8+ 61. Kb7 Qb8+ 62. Ka6 Kc5 63. b6 Qxb6# 0-1

[Event "Michigan Amateur"]
[Site "Flint, MI"]
[Date "1999.07.17"]
[Round "2"]
[White "LaFerriere, Adam"]
[Black "Lynem, Charles"]
[Result "0-1"]
[WhiteElo "784"]
[BlackElo "1312"]
[PlyCount "102"]
[EventDate "1999.07.17"]

1. e4 c5 2. d4 cxd4 3. Qxd4 Nc6 4. Qd1 d6 5. Bb5 Nf6 6. Nc3 e6 7. Nf3 Be7 8. e5
Ng4 9. exd6 Bxd6 10. O-O O-O 11. Bxc6 bxc6 12. Ne4 Be7 13. Qxd8 Rxd8 14. Bf4
Nf6 15. Nxf6+ Bxf6 16. Be5 Bxe5 17. Nxe5 Bb7 18. Rad1 f6 19. Nf3 c5 20. Rxd8+
Rxd8 21. Re1 Bxf3 22. gxf3 Kf7 23. Re2 Rd4 24. c3 Rf4 25. Kg2 Rf5 26. Rd2 Rd5
27. Rxd5 exd5 28. b4 cxb4 29. cxb4 Ke6 30. Kg3 Ke5 31. a4 Kd4 32. h4 Kc4 33.
Kf4 Kxb4 34. Kf5 Kxa4 35. Kf4 Kb4 36. Ke3 Kc3 37. f4 a5 38. h5 a4 39. h6 gxh6
40. f5 a3 41. f4 a2 42. Kf3 a1=Q 43. Kg3 Qf1 44. Kg4 Kd4 45. Kh5 Ke4 46. Kxh6
Kxf4 47. Kxh7 Qg2 48. Kh8 Kxf5 49. Kh7 Qg5 50. Kh8 Ke6 51. Kh7 Kf7 0-1

[Event "Michigan Amateur"]
[Site "Flint, MI"]
[Date "1999.07.17"]
[Round "3"]
[White "Kyser, Bob"]
[Black "Jones, Mark"]
[Result "0-1"]
[WhiteElo "1265"]
[BlackElo "1529"]
[PlyCount "92"]
[EventDate "1999.07.17"]

1. d4 Nf6 2. Bg5 d5 3. Bxf6 exf6 4. e3 Bf5 5. g4 Bg6 6. h4 h6 7. Nc3 Bb4 8.
Nge2 c6 9. Nf4 Qa5 10. Qd2 Bxc3 11. bxc3 Be4 12. Bg2 Bxg2 13. Nxg2 Nd7 14. Nf4
Nb6 15. O-O g5 16. Nh5 O-O-O 17. Nxf6 Rd6 18. hxg5 hxg5 19. Nh5 Na4 20. Kg2
Qxc3 21. Qxc3 Nxc3 22. a4 f5 23. f3 fxg4 24. fxg4 Re6 25. Rf3 Ne4 26. Raf1 a5
27. Rf8+ Rxf8 28. Rxf8+ Kc7 29. Ng7 Rg6 30. Nf5 Nc3 31. Ne7 Re6 32. Rf7 Kb6 33.
Nc8+ Ka6 34. Kf2 Nxa4 35. Rg7 Nc3 36. Rxg5 Ne4+ 37. Ke2 Nxg5 38. Kd3 b6 39. c4
dxc4+ 40. Kxc4 a4 41. d5 cxd5+ 42. Kxd5 Rxe3 43. Kd4 Re6 44. Kc3 Rc6+ 45. Kb4
Rxc8 46. Kxa4 Rc4+ 0-1

[Event "Michigan Amateur"]
[Site "Flint, MI"]
[Date "1999.07.17"]
[Round "1"]
[White "Kyser, Bob"]
[Black "Hill, Brad"]
[Result "0-1"]
[WhiteElo "1265"]
[BlackElo "1722"]
[PlyCount "90"]
[EventDate "1999.07.17"]

1. d4 Nf6 2. Bg5 c5 3. Bxf6 gxf6 4. d5 Qb6 5. Qc1 f5 6. Nd2 Bg7 7. c3 Qg6 8.
Ngf3 d6 9. e3 Nd7 10. Qc2 Ne5 11. Nxe5 dxe5 12. Bb5+ Kf8 13. Rg1 a6 14. Be2 Bd7
15. O-O-O b5 16. g4 fxg4 17. Qxg6 hxg6 18. Rg2 f5 19. e4 Bh6 20. Kc2 Bxd2 21.
Kxd2 Kf7 22. Rdg1 Rag8 23. c4 Rh3 24. Rh1 Rgh8 25. Bf1 f4 26. f3 Rxf3 27. Re2
bxc4 28. Bg2 Rd3+ 29. Kc2 f3 30. Bxf3 gxf3 31. Rf2 Re3 32. Kd2 Re2+ 33. Rxe2
fxe2 34. Kxe2 Rh3 35. Rf1+ Kg7 36. Rf2 Bg4+ 37. Kd2 Rd3+ 38. Kc2 Bf3 39. Rxf3
Rxf3 40. Kd2 Rf2+ 41. Kc3 Rxh2 42. Kxc4 g5 43. Kxc5 g4 44. Kb6 g3 45. Kxa6 Rxb2
0-1

[Event "Michigan Amateur"]
[Site "Flint, MI"]
[Date "1999.07.17"]
[Round "3"]
[White "Kitts, Gary"]
[Black "Young, Cordell"]
[Result "1-0"]
[WhiteElo "1962"]
[BlackElo "868"]
[PlyCount "73"]
[EventDate "1999.07.17"]

1. e4 e5 2. Nf3 d6 3. d4 exd4 4. Nxd4 Be7 5. Nc3 Bf6 6. Be3 Bxd4 7. Bxd4 Nf6 8.
Qf3 Nbd7 9. O-O-O c6 10. Qg3 Qe7 11. Bxf6 Nxf6 12. Qxd6 Qxd6 13. Rxd6 O-O 14.
Be2 Be6 15. Rhd1 Rfe8 16. f3 Re7 17. b3 Kf8 18. Na4 Rd7 19. Rxd7 Nxd7 20. f4
Nb8 21. Nc5 b6 22. Nxe6+ fxe6 23. Rd8+ Ke7 24. Rh8 h6 25. Ba6 Nxa6 26. Rxa8 Kf6
27. Rxa7 Nc5 28. e5+ Kf5 29. Rc7 Kxf4 30. Rxc6 Nd7 31. Rxe6 Nxe5 32. Rxb6 h5
33. a4 g5 34. a5 Ng4 35. a6 Nxh2 36. a7 Ng4 37. a8=Q 1-0